000 00496pab a2200181 454500
008 180718b2014 xxu||||| |||| 00| 0 eng d
100 _aTyagi, R.C.
245 _aCompliance of RTE on elementary education through SSA: An assessment in case of Uttar Pradesh
260 _c2014
300 _ap.101-120.
362 _aMar
650 _aRight to education
650 _aPrimary education
700 _aSiddiqui, Tarannum
773 _aMan and Development
908 _aN
909 _a104540
999 _c104536
_d104536